| 000 -LEADER |
| fixed length control field |
03966cam a2200505M 4500 |
| 001 - CONTROL NUMBER |
| control field |
9781003409977 |
| 003 - CONTROL NUMBER IDENTIFIER |
| control field |
FlBoTFG |
| 005 - DATE AND TIME OF LATEST TRANSACTION |
| control field |
20250103113434.0 |
| 006 - FIXED-LENGTH DATA ELEMENTS--ADDITIONAL MATERIAL CHARACTERISTICS |
| fixed length control field |
m o d |
| 007 - PHYSICAL DESCRIPTION FIXED FIELD--GENERAL INFORMATION |
| fixed length control field |
cr |n||||||||| |
| 008 - FIXED-LENGTH DATA ELEMENTS--GENERAL INFORMATION |
| fixed length control field |
230901s2023 xx o 0|| 0 eng d |
| 040 ## - CATALOGING SOURCE |
| Original cataloging agency |
OCoLC-P |
| Language of cataloging |
eng |
| Transcribing agency |
OCoLC-P |
| 020 ## - INTERNATIONAL STANDARD BOOK NUMBER |
| International Standard Book Number |
9781000919189 |
| Qualifying information |
(electronic bk.) |
| 020 ## - INTERNATIONAL STANDARD BOOK NUMBER |
| International Standard Book Number |
1000919188 |
| Qualifying information |
(electronic bk.) |
| 020 ## - INTERNATIONAL STANDARD BOOK NUMBER |
| International Standard Book Number |
9781003409977 |
| Qualifying information |
(electronic bk.) |
| 020 ## - INTERNATIONAL STANDARD BOOK NUMBER |
| International Standard Book Number |
1003409970 |
| Qualifying information |
(electronic bk.) |
| 020 ## - INTERNATIONAL STANDARD BOOK NUMBER |
| International Standard Book Number |
9781000919196 |
| Qualifying information |
(electronic bk. : EPUB) |
| 020 ## - INTERNATIONAL STANDARD BOOK NUMBER |
| International Standard Book Number |
1000919196 |
| Qualifying information |
(electronic bk. : EPUB) |
| 020 ## - INTERNATIONAL STANDARD BOOK NUMBER |
| Canceled/invalid ISBN |
1032530235 |
| 020 ## - INTERNATIONAL STANDARD BOOK NUMBER |
| Canceled/invalid ISBN |
9781032530239 |
| 020 ## - INTERNATIONAL STANDARD BOOK NUMBER |
| Canceled/invalid ISBN |
103253060X |
| 020 ## - INTERNATIONAL STANDARD BOOK NUMBER |
| Canceled/invalid ISBN |
9781032530604 |
| 024 ## - OTHER STANDARD IDENTIFIER |
| Standard number or code |
10.1201/9781003409977 |
| Source of number or code |
doi |
| 035 ## - SYSTEM CONTROL NUMBER |
| System control number |
(OCoLC)1395538978 |
| 035 ## - SYSTEM CONTROL NUMBER |
| System control number |
(OCoLC-P)1395538978 |
| 050 ## - LIBRARY OF CONGRESS CALL NUMBER |
| Classification number |
VK199 |
| 072 ## - SUBJECT CATEGORY CODE |
| Subject category code |
TRA |
| Subject category code subdivision |
006000 |
| Source |
bisacsh |
| 072 ## - SUBJECT CATEGORY CODE |
| Subject category code |
TEC |
| Subject category code subdivision |
017000 |
| Source |
bisacsh |
| 072 ## - SUBJECT CATEGORY CODE |
| Subject category code |
KNGS |
| Source |
bicssc |
| 082 ## - DEWEY DECIMAL CLASSIFICATION NUMBER |
| Classification number |
363.12/365 |
| Edition number |
23/eng/20230907 |
| 100 ## - MAIN ENTRY--PERSONAL NAME |
| Personal name |
Olsen, Alexander Arnfinn. |
| 245 ## - TITLE STATEMENT |
| Title |
MARITIME ACCIDENT AND INCIDENT INVESTIGATION |
| Medium |
[electronic resource]. |
| 260 ## - PUBLICATION, DISTRIBUTION, ETC. |
| Place of publication, distribution, etc. |
[S.l.] : |
| Name of publisher, distributor, etc. |
ROUTLEDGE, |
| Date of publication, distribution, etc. |
2023. |
| 300 ## - PHYSICAL DESCRIPTION |
| Extent |
1 online resource |
| 520 ## - SUMMARY, ETC. |
| Summary, etc. |
Maritime Accident and Incident Investigation covers a wide range of topics relating to maritime-orientated organisational hazards and risks, as well as root cause analyses and techniques for analysing evidence. Its approach to maritime casualty and incident investigation caters to the unique needs of the maritime industry and covers the human element, machinery and engineering, and structural and security concerns. The book is divided into four parts, which respectively introduce the concepts and theories of organisational risks and hazards; provide a framework structure for planning, initiating, performing, and closing out maritime casualty and incident investigations; provide an overview of the main forms of analyses; and offer a toolkit of forms and documents for preparing and carrying out incident investigations. Features: Focuses on basic principles independent of particular software or protocols, allowing customisation to the reader's own management system, Health, Safety and Environment (HSE) programmes, or related initiatives Supports the reader in applying class-related activities such as the provisions of the ISM Code and the International Ship and Port Facility Security (ISPS) Code The book is ideal for trainees, advanced students, and junior maritime professionals involved in the investigation of maritime accidents and incidents. Also available as online Support Material is a full MaRCIIF Toolkit, containing several resources, such as checklists, forms, and guidelines, useful in the execution of maritime incident investigations. Access the Support Material: www.routledge.com/9781032530239 Alexander Arnfinn Olsen is a Senior Consultant at RINA Consulting Defence UK. He is STCW II 1995 qualified and has also worked as a marine training designer, marine auditor, and fisheries observer. He is the author of Introduction to Ship Operations and Onboard Safety, Core Concepts of Maritime Navigation, Introduction to Ship Engine Room Systems, Maritime Cargo Operations, Merchant Ship Types, and Firefighting and Fire Safety Systems on Ships (with Routledge). |
| 588 ## - SOURCE OF DESCRIPTION NOTE |
| Source of description note |
OCLC-licensed vendor bibliographic record. |
| 650 ## - SUBJECT ADDED ENTRY--TOPICAL TERM |
| Topical term or geographic name entry element |
TRANSPORTATION / Ships & Shipbuilding / General |
| Source of heading or term |
bisacsh |
| 650 ## - SUBJECT ADDED ENTRY--TOPICAL TERM |
| Topical term or geographic name entry element |
TECHNOLOGY / Industrial Health & Safety |
| Source of heading or term |
bisacsh |
| 650 ## - SUBJECT ADDED ENTRY--TOPICAL TERM |
| Topical term or geographic name entry element |
Marine accidents |
| General subdivision |
Investigation |
| Form subdivision |
Handbooks, manuals, etc. |
| 650 ## - SUBJECT ADDED ENTRY--TOPICAL TERM |
| Topical term or geographic name entry element |
Marine accidents |
| General subdivision |
Prevention |
| Form subdivision |
Handbooks, manuals, etc. |
| 650 ## - SUBJECT ADDED ENTRY--TOPICAL TERM |
| Topical term or geographic name entry element |
Merchant marine |
| General subdivision |
Safety measures |
| Form subdivision |
Handbooks, manuals, etc. |
| 650 ## - SUBJECT ADDED ENTRY--TOPICAL TERM |
| Topical term or geographic name entry element |
Shipping |
| General subdivision |
Risk management |
| Form subdivision |
Handbooks, manuals, etc. |
| 856 ## - ELECTRONIC LOCATION AND ACCESS |
| Materials specified |
Taylor & Francis |
| Uniform Resource Identifier |
<a href="https://www.taylorfrancis.com/books/9781003409977">https://www.taylorfrancis.com/books/9781003409977</a> |
| 856 ## - ELECTRONIC LOCATION AND ACCESS |
| Materials specified |
OCLC metadata license agreement |
| Uniform Resource Identifier |
<a href="http://www.oclc.org/content/dam/oclc/forms/terms/vbrl-201703.pdf">http://www.oclc.org/content/dam/oclc/forms/terms/vbrl-201703.pdf</a> |